Viết về bè bạn
Gespeichert in:
| 1. Verfasser: | |
|---|---|
| Format: | Buch |
| Sprache: | Undetermined |
| Veröffentlicht: |
Hải Phòng
Hải Phòng
2003
|
| Schlagworte: | |
| Tags: |
Tag hinzufügen
Keine Tags, Fügen Sie den ersten Tag hinzu!
|
| Thư viện lưu trữ: | Trung tâm Học liệu Trường Đại học Cần Thơ |
|---|
| LEADER | 00536nam a2200205Ia 4500 | ||
|---|---|---|---|
| 001 | CTU_58312 | ||
| 008 | 210402s9999 xx 000 0 und d | ||
| 020 | |b 55000 | ||
| 082 | |a 895.92234 | ||
| 082 | |b T121 | ||
| 100 | |a Bùi Ngọc Tấn | ||
| 245 | 0 | |a Viết về bè bạn | |
| 245 | 0 | |c Bùi Ngọc Tấn | |
| 260 | |a Hải Phòng | ||
| 260 | |b Hải Phòng | ||
| 260 | |c 2003 | ||
| 650 | |a vietnamese fiction | ||
| 650 | |y 21th century | ||
| 904 | |i Minh | ||
| 980 | |a Trung tâm Học liệu Trường Đại học Cần Thơ | ||